History Quiz

Random History or Year Quiz

Major Events in 'Two' Years Quiz Stats

 Plays Quiz Updated Feb 2, 2016

Challenge
Share
Tweet
Embed
Score 0/22 Timer 06:00
7 Plays Today
% Correct
1932
88.4%
1972
87.7%
1912
87.6%
1992
86.6%
1942
81.8%
1962
79.8%
1952
79.1%
2002
77.3%
2012
75.2%
1862
74.8%
1982
74.1%
% Correct
1922
66.8%
1812
64.2%
1802
52.9%
1902
51.4%
1852
47%
1892
38%
1822
25.5%
1872
24.1%
1882
24.1%
1832
22.6%
1842
15.8%

You're not logged in!

Compare scores with friends on all Sporcle quizzes.
Join for Free
OR
Log In

You Might Also Like...

Show Comments

Extras

Top Quizzes Today


Score Distribution

Your Account Isn't Verified!

In order to create a playlist on Sporcle, you need to verify the email address you used during registration. Go to your Sporcle Settings to finish the process.

Report this User

Report this user for behavior that violates our Community Guidelines.

Details: